书目信息 |
| 题名: |
气候变化影响与适应性社会性别分析
|
|
| 作者: | 孙大江 , 赵群 著 | |
| 分册: | ||
| 出版信息: | 北京 社会科学文献出版社 2016.12 |
|
| 页数: | 266页 | |
| 开本: | 24cm | |
| 丛书名: | 云南妇女儿童发展研究系列丛书 | |
| 单 册: | ||
| 中图分类: | P467 | |
| 科图分类: | ||
| 主题词: | 气候变化--气候影响--研究--中国 | |
| 电子资源: | ||
| ISBN: | 978-7-5097-9800-3 | |
| 000 | 01688oam2 2200313 450 | |
| 001 | 54 | |
| 005 | 20180920165516.77 | |
| 010 | @a978-7-5097-9800-3@dCNY89.00 | |
| 100 | @a20170215d2016 em y0chiy50 ea | |
| 101 | 0 | @achi@deng@eeng |
| 102 | @aCN@b110000 | |
| 105 | @ay z 000yy | |
| 200 | 1 | @a气候变化影响与适应性社会性别分析@9qi hou bian hua ying xiang yu shi ying xing she hui xing bie fen xi@dGender analysis of climate change impacts and adaptations in China with focus on Yunnan@zeng@f孙大江,赵群等著 |
| 210 | @a北京@c社会科学文献出版社@d2016.12 | |
| 215 | @a266页@d24cm | |
| 225 | 1 | @a云南妇女儿童发展研究系列丛书 |
| 300 | @a本书是国际山地综合发展中心和云南省社会科学院性别与社会发展研究中心合作研究成果 | |
| 300 | @a本书是喜马拉雅其后变化适应性项目的一部分。该项目由挪威政府和瑞典政府支持,是国际山地综合发展中心、联合国环境署名全球资源信息数据库-阿伦达尔中心、奥斯陆国际其后与环境研究中心和当地伙伴联合开展的合作项目 | |
| 314 | @a孙大江,云南省适合科学院副研究员。编著《社会性别与农村发展》。 | |
| 314 | @a赵群,云南省社会科学院社会学研究所副所长等职。主要著作《社会性别平等诉求挑战发展神话》等。 | |
| 330 | @a本书通过云南和陕西的案例研究分析了气候变化背景下农作物变化、水资源短缺、农村生计安全风险增加、迁移类型改变等方面如何对妇女和男性产生不同的影响以及两性应对气候变化的不同的能力建设需求。 | |
| 461 | 0 | @12001 @a云南妇女儿童发展研究系列丛书 |
| 510 | 1 | @aGender analysis of climate change impacts and adaptations in China with focus on Yunnan@zeng |
| 606 | 0 | @a气候变化@x气候影响@x研究@y中国 |
| 690 | @aP467@v5 | |
| 701 | 0 | @a孙大江@9sun da jiang@4著 |
| 701 | 0 | @a赵群@9zhao qun@4著 |
| 801 | 0 | @aCN@b91MARC@c20170215 |
| 905 | @aMuseLib@dP467@e100 | |
| 气候变化影响与适应性社会性别分析=Gender analysis of climate change impacts and adaptations in China with focus on Yunnan/孙大江,赵群等著.-北京:社会科学文献出版社,2016.12 |
| 266页;24cm.-(云南妇女儿童发展研究系列丛书) |
| 本书是国际山地综合发展中心和云南省社会科学院性别与社会发展研究中心合作研究成果.-本书是喜马拉雅其后变化适应性项目的一部分。该项目由挪威政府和瑞典政府支持,是国际山地综合发展中心、联合国环境署名全球资源信息数据库-阿伦达尔中心、奥斯陆国际其后与环境研究中心和当地伙伴联合开展的合作项目 |
| ISBN 978-7-5097-9800-3:CNY89.00 |
| 本书通过云南和陕西的案例研究分析了气候变化背景下农作物变化、水资源短缺、农村生计安全风险增加、迁移类型改变等方面如何对妇女和男性产生不同的影响以及两性应对气候变化的不同的能力建设需求。 |
| ● |
| 相关链接 |
|
|
|
|
正题名:气候变化影响与适应性社会性别分析
索取号:P467/100
 
预约/预借
| 序号 | 登录号 | 条形码 | 馆藏地/架位号 | 状态 | 备注 |
| 1 | 1118009 | 211180096 | 第二样本阅览室/ [索取号:P467/100] | 在馆 | |
| 2 | 1118010 | 211180103 | 第三借阅区/ [索取号:P467/100] | 在馆 | |
| 3 | 1118011 | 211180112 | 第三借阅区/ [索取号:P467/100] | 在馆 | |
| 4 | 1118012 | 211180121 | 第三借阅区/ [索取号:P467/100] | 在馆 | |
| 5 | 1118013 | 211180130 | 第三借阅区/ [索取号:P467/100] | 在馆 |